[Event "Asian Schools-ch 14th U17 Girls"]
[Site "Waskaduwa"]
[Date "2018.07.09"]
[Round "2.3"]
[White "Thuduwage, Yasasirini Pabasara"]
[Black "De Silva, Tenara"]
[Result "0-1"]
[WhiteElo "1512"]
[BlackElo "1716"]
[PlyCount "92"]
[EventDate "2018.07.09"]
[EventType "swiss"]
[EventRounds "9"]
[EventCountry "SRI"]
[SourceTitle "EXT 2024"]
[Source "ChessBase"]
[SourceDate "2023.10.10"]
[SourceVersion "1"]
[SourceVersionDate "2023.10.10"]
[SourceQuality "1"]

1. d4 Nf6 2. Bf4 g6 3. Nc3 d6 4. e4 Bg7 5. Qd2 a6 6. Nf3 b5 7. 0-0-0 Bb7 8. e5 Nd5 9. e6 fxe6 10. Ng5 Qd7 11. Re1 Nxc3 12. bxc3 Bd5 13. Qe3 Nc6 14. Bd3 e5 15. dxe5 dxe5 16. Nxh7 0-0-0 17. Bxg6 exf4 18. Qxf4 Bxc3 19. Rd1 Qd6 20. Bf5+ e6 21. Qxd6 Rxd6 22. Rxd5 exf5 23. Rxd6 cxd6 24. Ng5 Rg8 25. f4 Bf6 26. h4 Nd4 27. Re1 Kd7 28. c3 Bxg5 29. fxg5 Ne6 30. Rf1 f4 31. Rf3 Rh8 32. Rh3 Ke7 33. Kd2 Kf7 34. Kd3 d5 35. Ke2 Kg6 36. Kf3 Kf5 37. a3 Rh7 38. Kf2 Kg4 39. Rd3 Rxh4 40. g6 Rh5 41. Rd2 Rg5 42. Rd3 Kh5 43. g7 Nxg7 44. Rh3+ Kg6 45. Rh8 Kf5 46. Rd8 Ke4 0-1

[Event "SRI-ch (Women)"]
[Site "Colombo"]
[Date "2016.06.06"]
[Round "13"]
[White "Thuduwage, Yasasirini Pabasara"]
[Black "Ranasinghe, Sachini D"]
[Result "0-1"]
[WhiteElo "1520"]
[BlackElo "1752"]
[PlyCount "84"]
[EventDate "2016.05.27"]
[EventType "tourn"]
[EventRounds "13"]
[EventCountry "SRI"]
[SourceTitle "CBM 172 Extra"]
[Source "ChessBase"]
[SourceDate "2016.06.21"]
[SourceVersion "1"]
[SourceVersionDate "2016.06.21"]
[SourceQuality "1"]

1. d4 d5 2. c4 e6 3. Nf3 c6 4. Nc3 Nf6 5. cxd5 exd5 6. Qc2 h6 7. Bf4 Bd6 8. Bg3 0-0 9. e3 Re8 10. Bd3 Be6 11. Ne5 Nh5 12. f4 Bxe5 13. fxe5 Nxg3 14. hxg3 Qg5 15. Qf2 Nd7 16. 0-0-0 c5 17. Kb1 c4 18. Bc2 a6 19. Rdf1 b5 20. Ne2 Nb6 21. Rh4 Rf8 22. Rf4 Nd7 23. Ng1 Qe7 24. Qe2 a5 25. e4 Rac8 26. Qh5 Qg5 27. Qf3 Nb6 28. Nh3 Qe7 29. Qe2 c3 30. Qxb5 Nc4 31. R1f2 Na3+ 32. bxa3 Rb8 33. Qxb8 Rxb8+ 34. Kc1 Qxa3+ 35. Kd1 Qxa2 36. exd5 Qa1+ 37. Ke2 Bxd5 38. g4 Qc1 39. Kd3 Rc8 40. g5 Bc4+ 41. Ke4 Qe1+ 42. Kf5 Be6# 0-1

[Event "SRI-chB (Women)"]
[Site "Colombo"]
[Date "2016.03.21"]
[Round "10"]
[White "Thuduwage, Yasasirini Pabasara"]
[Black "Gimhani, H Shashipraba"]
[Result "1-0"]
[WhiteElo "1452"]
[BlackElo "1549"]
[PlyCount "173"]
[EventDate "2016.03.12"]
[EventType "swiss"]
[EventRounds "10"]
[EventCountry "SRI"]
[SourceTitle "CBM 171 Extra"]
[Source "ChessBase"]
[SourceDate "2016.04.26"]
[SourceVersion "1"]
[SourceVersionDate "2016.04.26"]
[SourceQuality "1"]

1. d4 Nf6 2. c4 g6 3. Nc3 Bg7 4. Nf3 d6 5. Bg5 Nbd7 6. e3 0-0 7. Bd3 c6 8. Qc2 e5 9. dxe5 dxe5 10. Rd1 Qe8 11. 0-0 Nc5 12. Bxf6 Bxf6 13. Ne4 Nxe4 14. Bxe4 Qe7 15. Nd2 Bg7 16. g3 f5 17. Bg2 g5 18. e4 f4 19. f3 fxg3 20. hxg3 Rf6 21. Nb3 Rh6 22. g4 Qf6 23. Rd3 Be6 24. Nc5 Bf8 25. Nxb7 Qf4 26. c5 Qh2+ 27. Kf2 Qf4 28. Ke1 Rb8 29. Na5 Rb5 30. Nb3 Bxb3 31. Rxb3 Rxc5 32. Rc3 Rxc3 33. Qxc3 a5 34. a3 Qg3+ 35. Rf2 Kh8 36. Kf1 Rd6 37. Rd2 Rf6 38. Rf2 Rd6 39. Ke2 Qf4 40. Qe3 Qf6 41. Ke1 h6 42. Rd2 Re6 43. Bf1 c5 44. Bc4 Rb6 45. Ke2 a4 46. Qd3 Rd6 47. Qc2 Rd4 48. Rd3 Qf4 49. Rxd4 cxd4 50. Qd2 Qf6 51. Bb5 Qb6 52. Qd3 Kg7 53. Qc4 Kh8 54. Qxa4 Qc7 55. Qc4 Qa5 56. Ba4 Qb6 57. Bb3 Qg6 58. Qf7 Qxf7 59. Bxf7 Kg7 60. Bd5 Bd6 61. Bc4 Kf6 62. Kd2 Ke7 63. Kc2 Kd7 64. Bb5+ Kc7 65. a4 Kb6 66. Kb3 Kc5 67. Bc4 Kb6 68. Bd3 Ka5 69. Bb5 Kb6 70. Kc4 Ka5 71. Kd5 Bc7 72. Kc5 Bb6+ 73. Kc6 Bd8 74. Kd5 Bc7 75. Kc6 Bb8 76. Kc5 Ba7+ 77. Kd5 Bb8 78. Kc4 Bd6 79. b3 Bf8 80. Kd5 Bg7 81. Ke6 Kb4 82. Kf7 Bh8 83. Kg6 Ka5 84. Kxh6 Bf6 85. Kg6 Bd8 86. Kf5 Kb4 87. Kxe5 1-0

[Event "SRI-chB (Women)"]
[Site "Malabe"]
[Date "2015.06.27"]
[Round "8"]
[White "Sarathchandra, Thihansa Dewwanth"]
[Black "Thuduwage, Yasasirini Pabasara"]
[Result "1/2-1/2"]
[WhiteElo "1338"]
[BlackElo "1373"]
[PlyCount "77"]
[EventDate "2015.05.19"]
[EventType "swiss"]
[EventRounds "10"]
[EventCountry "SRI"]
[SourceTitle "EXT 2016"]
[Source "ChessBase"]
[SourceDate "2015.10.08"]
[SourceVersion "1"]
[SourceVersionDate "2015.10.08"]
[SourceQuality "1"]

1. d4 Nf6 2. c4 g6 3. Nc3 Bg7 4. e4 d6 5. Bd3 0-0 6. Nge2 Nbd7 7. f3 e5 8. d5 a5 9. 0-0 Nc5 10. Bc2 Ne8 11. Be3 Na6 12. Qd2 f5 13. f4 exf4 14. Bxf4 Nb4 15. Bb1 fxe4 16. Bxe4 Nf6 17. Bb1 Nh5 18. Bg5 Rxf1+ 19. Kxf1 Qf8+ 20. Kg1 Bg4 21. a3 Na6 22. h3 Bxe2 23. Nxe2 Nc5 24. Qc2 Re8 25. Ba2 Ne4 26. Rf1 Nhf6 27. Bf4 Qe7 28. Re1 Nh5 29. Ng3 Nhxg3 30. Bxg3 Bd4+ 31. Kh2 Be5 32. Bxe5 Qxe5+ 33. Kg1 Qd4+ 34. Kh2 Qe5+ 35. Kg1 Qd4+ 36. Kh2 Qe5+ 37. Kg1 Qd4+ 38. Kh2 Qe5+ 39. Kg1 1/2-1/2

[Event "SRI-chB (Women)"]
[Site "Colombo"]
[Date "2014.03.01"]
[Round "7"]
[White "Abeysinghe, HMH Janandani"]
[Black "Thuduwage, Yasasirini Pabasara"]
[Result "1-0"]
[WhiteElo "1436"]
[BlackElo "1267"]
[PlyCount "59"]
[EventDate "2014.02.26"]
[EventType "swiss"]
[EventRounds "10"]
[EventCountry "SRI"]
[SourceTitle "CBM 159 Extra"]
[Source "ChessBase"]
[SourceDate "2014.04.24"]
[SourceVersion "1"]
[SourceVersionDate "2014.04.24"]
[SourceQuality "1"]

1. e4 c5 2. Nf3 d6 3. d4 cxd4 4. Nxd4 Nf6 5. Nc3 a6 6. f3 e6 7. Be3 Be7 8. Be2 Qc7 9. Qd2 b5 10. a3 Bd7 11. h3 Nc6 12. 0-0-0 b4 13. axb4 Nxb4 14. Nb3 a5 15. Nb5 Bxb5 16. Bxb5+ Nd7 17. Nc5 Nc6 18. Nxd7 Kxd7 19. Qc3 f6 20. Rd4 Rhb8 21. Ba4 Ra6 22. Rc4 d5 23. exd5 exd5 24. Rd1 Bb4 25. Rxd5+ Ke6 26. Rxc6+ Rxc6 27. Qxc6+ Qxc6 28. Bxc6 Rc8 29. Bd7+ Kxd5 30. Bxc8 1-0